Networking basics (Record no. 14959)

MARC details
000 -LEADER
fixed length control field 01138nam a2200337Ia 4500
003 - CONTROL NUMBER IDENTIFIER
control field OSt
005 - DATE AND TIME OF LATEST TRANSACTION
control field 20220912144646.0
008 - FIXED-LENGTH DATA ELEMENTS--GENERAL INFORMATION
fixed length control field 220909b |||||||| |||| 00| 0 eng d
020 ## - INTERNATIONAL STANDARD BOOK NUMBER
International Standard Book Number 9781118077801 (pbk)
020 ## - INTERNATIONAL STANDARD BOOK NUMBER
International Standard Book Number SL01562134
037 ## - SOURCE OF ACQUISITION
Terms of availability Textbook
040 ## - CATALOGING SOURCE
Original cataloging agency CSL
Language of cataloging eng
Transcribing agency CSL
041 ## - LANGUAGE CODE
Language code of text/sound track or separate title eng
100 ## - MAIN ENTRY--PERSONAL NAME
Personal name Ciccarelli Patrick; Faulkner Christina; Fitzgerald Jerry; Dennis Alan; Groth David; Skandier Toby
245 #0 - TITLE STATEMENT
Title Networking basics
250 ## - EDITION STATEMENT
Edition statement 2
260 ## - PUBLICATION, DISTRIBUTION, ETC.
Place of publication, distribution, etc. New York
Name of publisher, distributor, etc. Wiley
Date of publication, distribution, etc. 2013
300 ## - PHYSICAL DESCRIPTION
Extent xxiii, 552p.
500 ## - GENERAL NOTE
General note Glossary 517-534p.; Index 535-552p.
650 ## - SUBJECT ADDED ENTRY--TOPICAL TERM
Topical term or geographic name entry element Media and devices
650 ## - SUBJECT ADDED ENTRY--TOPICAL TERM
Topical term or geographic name entry element Network protocols
650 ## - SUBJECT ADDED ENTRY--TOPICAL TERM
Topical term or geographic name entry element Network security
650 ## - SUBJECT ADDED ENTRY--TOPICAL TERM
Topical term or geographic name entry element Networking basics
700 ## - ADDED ENTRY--PERSONAL NAME
Personal name Ciccarelli Patrick; Faulkner Christina; Fitzgerald Jerry; Dennis Alan; Groth David; Skandier Toby
942 ## - ADDED ENTRY ELEMENTS (KOHA)
Classification part D65,8(B):71, Q3 TD
Koha item type Textbook
Source of classification or shelving scheme Colon Classification (CC)
Holdings
Withdrawn status Lost status Damaged status Not for loan Home library Current library Date acquired Total Checkouts Full call number Barcode Date last seen Price effective from Koha item type
        Central Science Library Central Science Library 2022-09-12   D65,8(B):71 Q3 TD SL1562134 2022-09-12 2022-09-12 Textbook
Copyright @ Delhi University Library System